000 01537nam0a2200301 4500
001 RU\NLR\BIBL_A\012060907
005 20190826160759.0
010 _a978-5-7968-0683-8
_9500
021 _aRU
_bКН-П-19-046383
_9КН-П-19-3387
035 _a(NLR Aleph) 012060907
035 _a(RuMoRGB)010022306
090 _a11703922
_c11703922
100 _a20190719d2019 u y0rusy50 ca
101 0 _arus
102 _aRU
105 _ay z 000zy
200 1 _aОсновы специальной психологии
_eучебное пособие
_fГ. В. Литвинова
_gМинистерство науки и высшего образования Российской Федерации, ФГБОУ ВО "Камчатский государственный университет имени Витуса Беринга"
210 _aПетропавловск-Камчатский
_cКамГУ им. Витуса Беринга
_d2019
215 _a159 с.
_cтабл.
_d21
320 _aБиблиогр. в конце разд.
606 1 _aПсихология специальная
_jУчебные издания для высших учебных заведений
_92084770
_3RU\NLR\AUTH\661260865
686 1 _aЮ948.2я73
700 1 _aЛитвинова
_bГ. В.
_cканд. психол. наук
_gГалина Владимировна
_9153099
_3RU\NLR\AUTH\770153137
942 _cBOOK
980 _aNBR
980 _aNB